Life on the edge/ (Record no. 31816)

000 -LEADER
fixed length control field 00524nam a2200169 4500
008 - FIXED-LENGTH DATA ELEMENTS--GENERAL INFORMATION
fixed length control field 230801b |||||||| |||| 00| 0 eng d
020 ## - INTERNATIONAL STANDARD BOOK NUMBER
International Standard Book Number 1590523865
020 ## - INTERNATIONAL STANDARD BOOK NUMBER
International Standard Book Number 9781414317441
020 ## - INTERNATIONAL STANDARD BOOK NUMBER
International Standard Book Number 9781590523865
050 ## - LIBRARY OF CONGRESS CALL NUMBER
Classification number BF637.L53
Item number D63 1995
100 ## - MAIN ENTRY--PERSONAL NAME
Personal name Dobson, James C.,
Dates associated with a name 1936-
245 ## - TITLE STATEMENT
Title Life on the edge/
Statement of responsibility, etc. James C. Dobson
300 ## - PHYSICAL DESCRIPTION
Extent 260 p. :
Other physical details ill. ;
Dimensions 22 cm
650 ## - SUBJECT ADDED ENTRY--TOPICAL TERM
Topical term or geographic name as entry element Teenagers
General subdivision Conduct of life
650 ## - SUBJECT ADDED ENTRY--TOPICAL TERM
Topical term or geographic name as entry element Young adults
General subdivision Conduct of life
942 ## - ADDED ENTRY ELEMENTS (KOHA)
Source of classification or shelving scheme
Classification part BF637.L53D63 1995
Koha item type Special Collection
Holdings
Withdrawn status Lost status Source of classification or shelving scheme Damaged status Not for loan Home library Current library Shelving location Date acquired Source of acquisition Cost, normal purchase price Total Checkouts Full call number Barcode Date last seen Date last checked out Price effective from Koha item type
          MACHAKOS UNIVERSITY LIBRARY MACHAKOS UNIVERSITY LIBRARY Open shelf 31/07/2023 Donation- Kimanzi 2303.00 5 BF637.L53D63 1995 39601 15/01/2026 18/07/2025 01/08/2023 Hard Covered Materials
© Machakos University Library, Along The Highway, Machakos Wote Rd, Machakos, Kenya P.O. Box 136 - 90100 Machakos - Kenya

Tel: ( +254 ) 723 805829 OR Fax : 044-20353 OR Email: library@mksu.ac.ke